Selected themes in the fiction of Albert Wendt /
Saved in:
| Main Author: | |
|---|---|
| Format: | Thesis Book |
| Language: | English |
| Published: |
1985.
|
| Subjects: | |
| Tags: |
Add Tag
No Tags, Be the first to tag this record!
|
| LEADER | 01063cam a2200289 4500 | ||
|---|---|---|---|
| 001 | u48991 | ||
| 003 | SIRSI | ||
| 008 | 861017s1985 my t 00 eng | ||
| 035 | |a AAF-2755 | ||
| 040 | |a UMM | ||
| 043 | |a pows--- | ||
| 050 | 0 | |a PR9665.9.W46 | |
| 090 | |a PR9665.9 |b W46ZKan | ||
| 091 | |a Microfiche 9503 | ||
| 100 | 1 | 0 | |a Kan, Ngat Har. |
| 245 | 1 | 0 | |a Selected themes in the fiction of Albert Wendt / |c by Kan Ngat Har. |
| 260 | |c 1985. | ||
| 300 | |a vii, 254 leaves ; |c 29 cm. | ||
| 500 | |a PPZ. | ||
| 500 | |a Also available on microfiche. Kuala Lumpur : Perpustakaan Universiti Malaya. 1994. 3 microfiches : negative ; 11 x 15 cm. | ||
| 502 | |a Dissertation (M.A.) -- Fakulti Sastera dan Sains Sosial, Universiti Malaya, 1985. | ||
| 504 | |a Bibliography: leaves 235-253. | ||
| 600 | 1 | 0 | |a Wendt, Albert, |d 1939- |x Criticism and interpretation. |
| 600 | 1 | 0 | |a Wendt, Albert, |d 1939- |x Political and Social views. |
| 948 | |a 16/03/1991 |b 27/11/2000 | ||
| 596 | |a 1 | ||
| 999 | |a PR9665.9 W46ZKAN |w LC |c 1 |i A504253203 |d 27/3/1996 |l STACKS |m P01UTAMA |n 24 |r Y |s Y |t TESIS |u 22/1/1992 | ||
